Catálogo
 En Linea

Recursos energéticos de bosques secos en la República Dominicana / (Registro nro. 27032)

Detalles MARC
000 -CABECERA
campo de control de longitud fija 00737nam a2200181 a 4500
001 - NÚMERO DE CONTROL
campo de control 000027540
005 - FECHA Y HORA DE LA ÚLTIMA TRANSACCIÓN
campo de control 20200930030916.0
008 - DATOS DE LONGITUD FIJA--INFORMACIÓN GENERAL
campo de control de longitud fija 110401s1979 dr ab 000 0 spa d
040 ## - FUENTE DE LA CATALOGACIÓN
Centro catalogador/agencia de origen DO-SdBNP
Lengua de catalogación spa
Centro/agencia transcriptor BNPHU
049 ## - FONDOS LOCALES (OCLC)
Fondos de biblioteca BNPD
100 1# - ENTRADA PRINCIPAL--NOMBRE DE PERSONA
Nombre de persona Jennings, Penelope
9 (RLIN) 54630
245 10 - MENCIÓN DE TÍTULO
Título Recursos energéticos de bosques secos en la República Dominicana /
Mención de responsabilidad, etc. Penelope Jennings, Benito A. Ferreiras.
260 ## - PUBLICACIÓN, DISTRIBUCIÓN, ETC.
Lugar de publicación, distribución, etc. Santiago de los Caballeros , República Dominicana :
Nombre del editor, distribuidor, etc. Instituto Superior de Agricultura,
Fecha de publicación, distribución, etc. 1979.
300 ## - DESCRIPCIÓN FÍSICA
Extensión 119 p. :
Otras características físicas il. ;
Dimensiones 28 dcm.
500 ## - NOTA GENERAL
Nota general Bibliografía : p. 118- 119
700 1# - PUNTO DE ACCESO ADICIONAL--NOMBRE DE PERSONA
Nombre de persona Ferreiras, Benito A.
9 (RLIN) 19607
710 2# - PUNTO DE ACCESO ADICIONAL--NOMBRE DE ENTIDAD CORPORATIVA
Nombre de entidad corporativa o nombre de jurisdicción como elemento de entrada Centro de Investigaciones Económicas y Alimenticias
Unidad subordinada Instituto Superior de Agricultura
9 (RLIN) 54631
Existencias
Estado de retiro Estado de pérdida No para préstamo Código de colección Localización permanente Ubicación/localización actual Ubicación en estantería Fecha de adquisición Número de inventario Total de préstamos Signatura topográfica completa Código de barras Fecha visto por última vez Precio válido a partir de Tipo de ítem Koha
    Excluido de préstamo Patrimonio Dominicano Patrimonio Dominicano Patrimonio Dominicano En catalogación 01.04.2011 LF1   27540-10 25.06.2020 25.06.2020 Libro y Folleto Colección Patrimonio Dominicano

Con tecnología Koha